[Event "48.C.to  di Cat.Mag. Semif. ITA"]
[Site "Milano ITA"]
[Date "1988.02.16"]
[Round "4.19"]
[White "Sani, Valentino"]
[Black "Micalizzi, Giovanni"]
[Result "1-0"]
[WhiteElo "1900"]
[BlackElo "2068"]
[Annotator "Gabriele Ballarin"]
[PlyCount "81"]
[EventDate "1988.02.13"]
[EventType "tourn"]
[EventRounds "9"]
[EventCountry "ITA"]

1. c4 e5 2. g3 c6 3. Bg2 d5 4. cxd5 cxd5 5. Qb3 Nf6 6. d3 Nc6 7. Nf3 h6 8. O-O Be6 9. Bd2 Qd7 10. Qc2 Rc8 11. Qa4 Be7 12. e3 O-O 13. Bc3 Bg4 14. Nbd2 d4 15. exd4 b5 16. Qxb5 exd4 17. Ba5 Rb8 18. Qa4 Rxb2 19. Nc4 Rbb8 20. Bd2 Bf5 21. Nh4 Nb4 22. Qxd7 Bxd7 23. Ne5 Rfc8 24. Nxd7 Nxd7 25. Nf5 Bf6 26. Bxb4 Rxb4 27. Rfc1 Rc3 28. Bf1 Nc5 29. Rd1 Ra4 30. Nd6 Rca3 31. Rd2 Ra6 32. Nc4 Nb3 33. Nxa3 Nxd2 34. Nc4 Nxc4 35. dxc4 Ra3 36. Bg2 Rc3 37. Bd5 Rc2 38. Rb1 Rxa2 39. c5 Rc2 40. Rb8+ Kh7 41. Be4+ 1-0

[Event "48.C.to  di Cat.Mag. Semif. ITA"]
[Site "Milano ITA"]
[Date "1988.02.17"]
[Round "5.1"]
[White "Martorelli, Antonio"]
[Black "Paglietti, Nicola"]
[Result "1/2-1/2"]
[WhiteElo "2235"]
[BlackElo "2174"]
[Annotator "Gabriele Ballarin"]
[PlyCount "190"]
[EventDate "1988.02.13"]
[EventType "tourn"]
[EventRounds "9"]
[EventCountry "ITA"]

1. e4 e5 2. Nf3 Nc6 3. d4 exd4 4. c3 dxc3 5. Bc4 d6 6. Qb3 Na5 7. Bxf7+ Ke7 8. Qxc3 Kxf7 9. Qxa5 Nf6 10. Nc3 Be7 11. Ng5+ Ke8 12. Qb5+ c6 13. Qb3 d5 14. exd5 Nxd5 15. Nxd5 Qxd5 16. Qxd5 cxd5 17. O-O Bxg5 18. Bxg5 Be6 19. Rac1 Kd7 20. Be3 g6 21. h3 a6 22. Bd4 Rhc8 23. Rcd1 Rc4 24. Kh2 Re8 25. Rfe1 Bf5 26. Rxe8 Kxe8 27. g4 Be6 28. Kg3 Kf7 29. Kf4 Rc2 30. Kg5 h5 31. Rd3 hxg4 32. hxg4 Re2 33. a4 Bd7 34. a5 Re4 35. f3 Re2 36. Rc3 Bc6 37. Rd3 Re1 38. Rd2 Ra1 39. Rh2 Ra4 40. Bf6 d4 41. Rh7+ Ke6 42. f4 Bf3 43. f5+ gxf5 44. gxf5+ Kd6 45. Kf4 Bd5 46. b4 Kc6 47. Bxd4 Rxb4 48. Ke5 Ba2 49. Rh6+ Kd7 50. Rd6+ Ke8 51. Bb6 Rb5+ 52. Kf6 Rd5 53. Re6+ Kf8 54. Bc7 Bb1 55. Bd6+ Kg8 56. Re8+ Kh7 57. Be5 Rd1 58. Re7+ Kg8 59. Re8+ Kh7 60. Re7+ Kg8 61. Rg7+ Kf8 62. Rxb7 Ke8 63. Bf4 Rf1 64. Rb3 Ba2 65. Re3+ Kd7 66. Rd3+ Kc6 67. Ke5 Rh1 68. Bd2 Bc4 69. Rc3 Kb5 70. Rf3 Rh7 71. Kd6 Rh8 72. Rf2 Rd8+ 73. Ke7 Rb8 74. f6 Kc6 75. Bf4 Rb7+ 76. Ke8 Rh7 77. Rc2 Rh8+ 78. Ke7 Rh7+ 79. Kf8 Rf7+ 80. Ke8 Rxf6 81. Rxc4+ Kb5 82. Rd4 Kxa5 83. Ke7 Rg6 84. Rc4 Kb5 85. Rc1 a5 86. Be5 Ra6 87. Bd6 a4 88. Rc3 Rxd6 89. Kxd6 Kb4 90. Rc1 a3 91. Rb1+ Kc3 92. Kc5 a2 93. Rh1 Kb2 94. Kc4 a1=Q 95. Rxa1 Kxa1 1/2-1/2

[Event "48.C.to  di Cat.Mag. Semif. ITA"]
[Site "Milano ITA"]
[Date "1988.02.17"]
[Round "5.2"]
[White "Ratti, Ruggero"]
[Black "Marinelli, Tullio"]
[Result "1/2-1/2"]
[WhiteElo "2291"]
[BlackElo "2153"]
[Annotator "Gabriele Ballarin"]
[PlyCount "120"]
[EventDate "1988.02.13"]
[EventType "tourn"]
[EventRounds "9"]
[EventCountry "ITA"]

1. Nf3 Nf6 2. c4 d6 3. d4 Nbd7 4. Nc3 e5 5. g3 Be7 6. Bg2 O-O 7. O-O Re8 8. b3 c6 9. Qc2 Qc7 10. Bb2 Bf8 11. Rac1 a5 12. Ba1 g6 13. e4 Bg7 14. h3 h6 15. Rfd1 exd4 16. Nxd4 Nc5 17. Rd2 Bd7 18. Rcd1 Rad8 19. Nde2 Bc8 20. g4 Qe7 21. Ng3 Ne6 22. Nce2 Ng5 23. f3 Qc7 24. Bd4 Kh7 25. Qc3 Qe7 26. Qxa5 Ne6 27. Bb6 Rd7 28. Bf2 Nc7 29. f4 Red8 30. Qa3 Ng8 31. Qc1 Re8 32. Qc2 b5 33. cxb5 cxb5 34. e5 d5 35. Bc5 Qd8 36. Bb6 Re6 37. Ba5 Ne7 38. Nd4 Ra6 39. b4 Bb7 40. Rc1 Nc6 41. Nxc6 Rxc6 42. Qd1 Rxc1 43. Qxc1 Qh4 44. Ne2 Ne6 45. Qf1 Bf8 46. Qf2 Qe7 47. Nc3 Nc7 48. a3 f6 49. f5 Qxe5 50. fxg6+ Kxg6 51. Re2 Qg5 52. Bb6 Kg7 53. Bd4 Bd6 54. Qf3 Rf7 55. Qe3 Bf4 56. Qd3 Be5 57. Be3 Qg6 58. Qxg6+ Kxg6 59. Bd2 d4 60. Bxb7 dxc3 1/2-1/2

[Event "48.C.to  di Cat.Mag. Semif. ITA"]
[Site "Milano ITA"]
[Date "1988.02.17"]
[Round "5.3"]
[White "Pernisco, Ermanno"]
[Black "Castiglioni, Ferruccio"]
[Result "1/2-1/2"]
[WhiteElo "2080"]
[BlackElo "2030"]
[Annotator "Gabriele Ballarin"]
[PlyCount "129"]
[EventDate "1988.02.13"]
[EventType "tourn"]
[EventRounds "9"]
[EventCountry "ITA"]

1. Nf3 d5 2. b3 Nf6 3. Bb2 g6 4. e3 Bg7 5. c4 O-O 6. Be2 c5 7. O-O Nc6 8. cxd5 Nxd5 9. Bxg7 Kxg7 10. Qc1 Qd6 11. Na3 b6 12. d4 cxd4 13. Nb5 Qf6 14. Nfxd4 Nxd4 15. Nxd4 Bb7 16. Qa3 a5 17. Bf3 Rac8 18. Rac1 e5 19. Nb5 Ba6 20. Nd6 Rcd8 21. Ne4 Qe6 22. Rfd1 Nb4 23. h4 Qe7 24. g3 Rxd1+ 25. Rxd1 Rd8 26. Rxd8 Qxd8 27. Qb2 Qc7 28. Qd2 Bb7 29. Ng5 h6 30. Bxb7 Qxb7 31. Nh3 Qd5 32. Qe2 Qd3 33. Qb2 Kh7 34. Qxe5 Qb1+ 35. Kg2 Qxa2 36. Nf4 Qxb3 37. h5 g5 38. Qf5+ Kg8 39. Qc8+ Kg7 40. Ne2 Qd5+ 41. Kh2 Qf3 42. Nd4 Qxf2+ 43. Kh3 Qf1+ 44. Kh2 Nd3 45. Nf5+ Kh7 46. Ne7 Qe2+ 47. Kh1 Qxh5+ 48. Kg1 Qd1+ 49. Kh2 Qe2+ 50. Kh1 Nf2+ 51. Kg1 Nh3+ 52. Kh1 Nf2+ 53. Kg1 Kg7 54. Qg8+ Kf6 55. Nd5+ Ke5 56. Nxb6 Nh3+ 57. Kh1 g4 58. Qe8+ Kf5 59. Qxf7+ Ke4 60. Qd5+ Kxe3 61. Nc4+ Kf2 62. Qg2+ Ke1 63. Nxa5 Nf2+ 64. Kh2 Nd1 65. Nc6 1/2-1/2

[Event "48.C.to  di Cat.Mag. Semif. ITA"]
[Site "Milano ITA"]
[Date "1988.02.17"]
[Round "5.4"]
[White "Pantaleoni, Claudio"]
[Black "Lagumina, Giulio"]
[Result "1-0"]
[WhiteElo "2080"]
[BlackElo "2106"]
[Annotator "Gabriele Ballarin"]
[PlyCount "113"]
[EventDate "1988.02.13"]
[EventType "tourn"]
[EventRounds "9"]
[EventCountry "ITA"]

1. d4 Nf6 2. c4 g6 3. Nc3 Bg7 4. e4 d6 5. f4 O-O 6. Nf3 c5 7. d5 e6 8. Be2 exd5 9. cxd5 Bg4 10. O-O Bxf3 11. Bxf3 Nbd7 12. g4 Ne8 13. Kh1 f5 14. gxf5 gxf5 15. exf5 Ndf6 16. Qe1 Nc7 17. Rg1 Qd7 18. Qg3 Rae8 19. a4 Kh8 20. Bd2 Rg8 21. Qh3 a6 22. Rg6 Qf7 23. Qh4 Ncxd5 24. Nxd5 Nxd5 25. Rxd6 Ne3 26. f6 Bf8 27. Rd3 Nf5 28. Qh5 Qxh5 29. Bxh5 Rb8 30. Bc3 Nd4 31. Rxd4 cxd4 32. Bxd4 Rd8 33. Bc3 Rg6 34. Bxg6 hxg6 35. Re1 Kg8 36. Re6 Kf7 37. Re4 Rd7 38. Kg2 Bc5 39. Rc4 Bb6 40. Rc8 Bd8 41. Kf3 Bxf6 42. Ke4 Bxc3 43. Rxc3 Ke6 44. Rg3 Kf6 45. Rd3 Re7+ 46. Kf3 Rh7 47. Rd6+ Kf5 48. Rd5+ Kf6 49. Kg3 Re7 50. Kg4 Re6 51. a5 Re2 52. Rd6+ Ke7 53. Rb6 Rxh2 54. Rxb7+ Kf8 55. b4 Rg2+ 56. Kf3 Rb2 57. b5 1-0

[Event "48.C.to  di Cat.Mag. Semif. ITA"]
[Site "Milano ITA"]
[Date "1988.02.17"]
[Round "5.5"]
[White "Mantovani, Renzo"]
[Black "Iudicello, Massimo"]
[Result "1-0"]
[WhiteElo "2410"]
[BlackElo "1914"]
[Annotator "Gabriele Ballarin"]
[PlyCount "117"]
[EventDate "1988.02.13"]
[EventType "tourn"]
[EventRounds "9"]
[EventCountry "ITA"]

1. d4 Nf6 2. Nf3 e6 3. Bg5 d5 4. e3 Be7 5. c4 Nbd7 6. Nc3 c6 7. Qc2 O-O 8. O-O-O Qa5 9. Kb1 Bb4 10. Rc1 Bxc3 11. bxc3 b5 12. cxb5 cxb5 13. Bd3 Bb7 14. Nd2 Ne4 15. Bxe4 dxe4 16. Be7 Rfe8 17. Bb4 Qb6 18. Nxe4 Bxe4 19. Qxe4 a5 20. Ba3 Rac8 21. Rc2 Rc4 22. Rhc1 Rec8 23. Qd3 Qc6 24. e4 Nb6 25. Bb2 Na4 26. f4 Qd6 27. Qf3 h6 28. g4 Nxb2 29. Kxb2 b4 30. Qd3 bxc3+ 31. Rxc3 Rxc3 32. Rxc3 Rb8+ 33. Rb3 Rxb3+ 34. Kxb3 Qxf4 35. Ka4 Qxh2 36. a3 Qg1 37. Kxa5 Qxg4 38. a4 Qg5+ 39. d5 Qd8+ 40. Kb4 Qd6+ 41. Kb3 Qb6+ 42. Kc2 Qc5+ 43. Qc3 Qf2+ 44. Kb3 Qb6+ 45. Ka2 Qf2+ 46. Ka3 Qf4 47. a5 exd5 48. Qc8+ Kh7 49. Qf5+ Qxf5 50. exf5 h5 51. a6 Kh6 52. a7 Kg5 53. a8=Q Kxf5 54. Qxd5+ Kg6 55. Kb3 f5 56. Kc3 Kg5 57. Kd3 Kh4 58. Ke3 g5 59. Qxf5 1-0

[Event "48.C.to  di Cat.Mag. Semif. ITA"]
[Site "Milano ITA"]
[Date "1988.02.17"]
[Round "5.6"]
[White "Sarno, Spartaco"]
[Black "Vezzosi, Paolo"]
[Result "1/2-1/2"]
[WhiteElo "2245"]
[BlackElo "2270"]
[Annotator "Gabriele Ballarin"]
[PlyCount "130"]
[EventDate "1988.02.13"]
[EventType "tourn"]
[EventRounds "9"]
[EventCountry "ITA"]

1. d4 Nf6 2. c4 c5 3. d5 d6 4. Nc3 g6 5. e4 Bg7 6. Nf3 O-O 7. Be2 e6 8. O-O Na6 9. Bf4 e5 10. Be3 Ng4 11. Bg5 f6 12. Bh4 Bd7 13. Ne1 Nh6 14. a3 g5 15. Bg3 f5 16. exf5 Nxf5 17. Bg4 Nd4 18. Nd3 Be8 19. Bh5 b5 20. Bxe8 Qxe8 21. cxb5 Nxb5 22. Ne4 Qg6 23. f3 g4 24. Qa4 Nac7 25. f4 exf4 26. Nxf4 Bd4+ 27. Qxd4 Nxd4 28. Nxg6 Ne2+ 29. Kh1 Nxg3+ 30. hxg3 hxg6 31. Nxd6 Nxd5 32. Rfc1 Rf2 33. Rxc5 Nf6 34. b4 Rd8 35. Rc8 Rxc8 36. Nxc8 a6 37. Ne7+ Kg7 38. Nc6 Ne4 39. Kh2 Rb2 40. Ne5 Nd2 41. Nxg4 Nc4 42. Kh3 Rb3 43. Rc1 Nxa3 44. Rc7+ Kf8 45. Rc6 Rxb4 46. Rxa6 Nc4 47. Rxg6 Nd2 48. Nh6 Ke7 49. g4 Ne4 50. Kh4 Rb2 51. Kh3 Rb3+ 52. Kh2 Rb2 53. Ra6 Rc2 54. Ra4 Re2 55. Nf5+ Kf6 56. Ng3 Nxg3 57. Kxg3 Rb2 58. Kh4 Rxg2 59. Ra6+ Kg7 60. Kg5 Rb2 61. Ra7+ Kg8 62. Ra8+ Kg7 63. Ra7+ Kg8 64. Kh5 Rb5+ 65. g5 Rb6 1/2-1/2

[Event "48.C.to  di Cat.Mag. Semif. ITA"]
[Site "Milano ITA"]
[Date "1988.02.17"]
[Round "5.7"]
[White "Drei, Andrea"]
[Black "Borgo, Giulio"]
[Result "1/2-1/2"]
[WhiteElo "2235"]
[BlackElo "2365"]
[Annotator "Gabriele Ballarin"]
[PlyCount "100"]
[EventDate "1988.02.13"]
[EventType "tourn"]
[EventRounds "9"]
[EventCountry "ITA"]

1. e4 c5 2. Nf3 Nc6 3. d4 cxd4 4. Nxd4 Nf6 5. Nc3 d6 6. Bg5 e6 7. Qd2 a6 8. O-O-O h6 9. Bf4 Bd7 10. Nb3 e5 11. Be3 Be7 12. f3 b5 13. g4 Na5 14. Nxa5 Qxa5 15. Kb1 Qc7 16. Rg1 b4 17. Nd5 Nxd5 18. exd5 a5 19. f4 Bf6 20. fxe5 Bxe5 21. Bd4 Bxd4 22. Qxd4 O-O 23. Bd3 Qc5 24. Qe4 f5 25. gxf5 Bxf5 26. Qg2 Ra7 27. Bxf5 Rxf5 28. Qg6 Rf2 29. Qe8+ Kh7 30. Qe4+ Kh8 31. Qe8+ Kh7 32. Qg6+ Kg8 33. Rde1 Qxd5 34. Qxh6 Qf5 35. Rc1 Rc7 36. Qg6 Qxg6 37. Rxg6 Rxh2 38. Rxd6 Rc5 39. Rd7 Kh7 40. Rg1 Rg5 41. Re1 Rgg2 42. Rc1 Rh5 43. Rc7 Kh6 44. b3 Rgg5 45. a3 Rc5 46. Rxc5 Rxc5 47. axb4 axb4 48. Rh1+ Rh5 49. Rxh5+ Kxh5 50. c4 bxc3 1/2-1/2

[Event "48.C.to  di Cat.Mag. Semif. ITA"]
[Site "Milano ITA"]
[Date "1988.02.17"]
[Round "5.8"]
[White "Valenti, Giuseppe"]
[Black "Caposciutti, Maurizio"]
[Result "1/2-1/2"]
[WhiteElo "2245"]
[BlackElo "2181"]
[Annotator "Gabriele Ballarin"]
[PlyCount "85"]
[EventDate "1988.02.13"]
[EventType "tourn"]
[EventRounds "9"]
[EventCountry "ITA"]

1. e4 c5 2. Nf3 d6 3. d4 cxd4 4. Nxd4 Nf6 5. Nc3 Nc6 6. Bc4 Qb6 7. Nb3 e6 8. Be3 Qc7 9. f4 a6 10. O-O Be7 11. Bd3 b5 12. Qf3 Bb7 13. a4 b4 14. Ne2 O-O 15. Qh3 e5 16. f5 Na5 17. Nd2 d5 18. Ng3 Bc5 19. Bxc5 Qxc5+ 20. Kh1 Nc4 21. Bxc4 dxc4 22. Nh5 Nxh5 23. Qxh5 f6 24. Rf3 Qd4 25. Nf1 Qxe4 26. Ne3 Rad8 27. Rh3 h6 28. Qg6 Rf7 29. Rg3 Kf8 30. Re1 Ke7 31. Rh3 Rd2 32. Qg3 b3 33. Rh4 Qc6 34. Rxc4 Qd7 35. cxb3 Rxb2 36. Rec1 Kf8 37. Rd1 Rd2 38. Rcc1 Rxd1+ 39. Rxd1 Qc6 40. Rd8+ Ke7 41. Rd1 Kf8 42. Rd8+ Ke7 43. Rd1 1/2-1/2

[Event "48.C.to  di Cat.Mag. Semif. ITA"]
[Site "Milano ITA"]
[Date "1988.02.17"]
[Round "5.9"]
[White "Quinto, Gianni"]
[Black "Altini, Daniele"]
[Result "1/2-1/2"]
[WhiteElo "2085"]
[BlackElo "2020"]
[Annotator "Gabriele Ballarin"]
[PlyCount "78"]
[EventDate "1988.02.13"]
[EventType "tourn"]
[EventRounds "9"]
[EventCountry "ITA"]

1. d4 Nf6 2. c4 g6 3. Nc3 Bg7 4. e4 d6 5. Be2 O-O 6. Nf3 e5 7. O-O Nc6 8. d5 Ne7 9. Ne1 Ne8 10. Nd3 f5 11. f4 exf4 12. Bxf4 fxe4 13. Nxe4 c6 14. dxc6 bxc6 15. Qa4 d5 16. cxd5 cxd5 17. Nc3 Nf6 18. Bf3 Qb6+ 19. Kh1 Bf5 20. Rad1 Rac8 21. Rfe1 Bxd3 22. Rxd3 Ne4 23. Be3 Qxb2 24. Nxe4 dxe4 25. Qxe4 Nf5 26. Rd2 Qc3 27. Qd5+ Kh8 28. Bf2 Rce8 29. Rxe8 Rxe8 30. g3 Ne3 31. Bxe3 Qxe3 32. Re2 Qc1+ 33. Kg2 Rxe2+ 34. Bxe2 Qc8 35. Bc4 Qb8 36. h4 Be5 37. Qf3 Qc8 38. Qd5 Qb8 39. Qf3 Qc8 1/2-1/2

[Event "48.C.to  di Cat.Mag. Semif. ITA"]
[Site "Milano ITA"]
[Date "1988.02.17"]
[Round "5.10"]
[White "Caizzone, Vito"]
[Black "Facchetti, Giovanni"]
[Result "1-0"]
[WhiteElo "2180"]
[BlackElo "2106"]
[Annotator "Gabriele Ballarin"]
[PlyCount "93"]
[EventDate "1988.02.13"]
[EventType "tourn"]
[EventRounds "9"]
[EventCountry "ITA"]

1. e4 e5 2. Nf3 Nc6 3. Bc4 Be7 4. c3 d6 5. d4 Bg4 6. Be3 Nf6 7. Nbd2 O-O 8. O-O Bh5 9. Bd3 Ng4 10. h3 Nxe3 11. fxe3 Bh4 12. Kh2 h6 13. Qe2 Qe7 14. g4 Bg6 15. d5 Nb8 16. Nxh4 Qxh4 17. Rg1 Qe7 18. Rg3 Nd7 19. Rag1 Kh8 20. g5 Rg8 21. Qg4 Nc5 22. Qe2 a5 23. h4 h5 24. Bc2 a4 25. Qg2 b5 26. Bd1 Rab8 27. Bf3 b4 28. c4 Rgf8 29. Qe2 Kg8 30. Bxh5 Nxe4 31. Nxe4 Bxe4 32. Bg4 g6 33. Rf1 Kg7 34. Rf6 Rh8 35. Rh3 Bb1 36. e4 Bxa2 37. h5 b3 38. Rhf3 gxh5 39. Rxf7+ Qxf7 40. Rxf7+ Kxf7 41. Qf3+ Ke8 42. Be6 Rh7 43. g6 Rd7 44. g7 Rxg7 45. Qf6 Rd7 46. Qh8+ Ke7 47. Qg7+ 1-0

[Event "48.C.to  di Cat.Mag. Semif. ITA"]
[Site "Milano ITA"]
[Date "1988.02.17"]
[Round "5.11"]
[White "Calvenzani, Oscar"]
[Black "Rizzo, Giovanbattista"]
[Result "1/2-1/2"]
[WhiteElo "1986"]
[BlackElo "2054"]
[Annotator "Gabriele Ballarin"]
[PlyCount "83"]
[EventDate "1988.02.13"]
[EventType "tourn"]
[EventRounds "9"]
[EventCountry "ITA"]

1. e4 d6 2. d4 Nf6 3. Nc3 g6 4. Nf3 Bg7 5. Be2 O-O 6. h3 c5 7. O-O cxd4 8. Nxd4 Nc6 9. Nb3 Be6 10. Bg5 a6 11. f4 b5 12. Bf3 b4 13. Nd5 Bxd5 14. exd5 Na5 15. Nxa5 Qxa5 16. Re1 Rfe8 17. a3 bxa3 18. Rxa3 Qb6+ 19. Kh2 Qxb2 20. Rb3 Qa2 21. Rb7 Qc4 22. Qd2 a5 23. c3 a4 24. Rb4 Qc5 25. Bh4 Nd7 26. Qa2 Bxc3 27. Rc4 Qa5 28. Rxe7 Nc5 29. Rxe8+ Rxe8 30. Bf2 Bg7 31. Bxc5 dxc5 32. Qxa4 Qxa4 33. Rxa4 Rc8 34. Rc4 Bd4 35. g3 Rb8 36. Rc2 Rb3 37. Kg2 Kf8 38. Be2 Ke7 39. Bc4 Ra3 40. Be2 Kd6 41. Bc4 f5 42. Ra2 1/2-1/2

[Event "48.C.to  di Cat.Mag. Semif. ITA"]
[Site "Milano ITA"]
[Date "1988.02.17"]
[Round "5.12"]
[White "Tirabassi, Maurizio"]
[Black "Brovelli, Claudio"]
[Result "1-0"]
[WhiteElo "2211"]
[BlackElo "2017"]
[Annotator "4h"]
[PlyCount "79"]
[EventDate "1988.02.13"]
[EventType "tourn"]
[EventRounds "9"]
[EventCountry "ITA"]

1. c4 e6 2. Nc3 d5 3. d4 Nf6 4. Bg5 c6 5. e3 Nbd7 6. cxd5 exd5 7. Bd3 Bd6 8. Nf3 O-O 9. Qc2 h6 10. Bh4 Re8 11. O-O Nf8 12. Bg3 Bxg3 13. hxg3 Qe7 14. Rab1 a5 15. Rbc1 Bg4 16. Ne5 g6 17. Na4 N8d7 18. Nxd7 Nxd7 19. Qd2 Qb4 20. Qc2 Qe7 21. Nc5 Nf6 22. Rfe1 Kg7 23. Qc3 Bc8 24. e4 dxe4 25. Bxe4 Qd6 26. Bf3 Rxe1+ 27. Rxe1 Ra7 28. Ne4 Nxe4 29. Rxe4 Qb4 30. Qe3 Qd6 31. Re5 Ra6 32. d5 cxd5 33. Rxd5 Qf6 34. Rb5 Re6 35. Qc5 Bd7 36. Rxb7 Re5 37. Qc3 Be6 38. Rb8 Bxa2 39. Qc8 Re1+ 40. Kh2 1-0

[Event "48.C.to  di Cat.Mag. Semif. ITA"]
[Site "Milano ITA"]
[Date "1988.02.17"]
[Round "5.13"]
[White "Visentin, Claudio"]
[Black "Montani, Francesco"]
[Result "0-1"]
[WhiteElo "2017"]
[BlackElo "1979"]
[Annotator "Gabriele Ballarin"]
[PlyCount "64"]
[EventDate "1988.02.13"]
[EventType "tourn"]
[EventRounds "9"]
[EventCountry "ITA"]

1. d4 Nf6 2. c4 e6 3. Nc3 Bb4 4. f3 c5 5. d5 b5 6. e4 bxc4 7. Bxc4 exd5 8. Bxd5 Nxd5 9. Qxd5 Nc6 10. Be3 Qa5 11. Nge2 Ba6 12. Kf2 O-O 13. a3 Bxc3 14. Nxc3 Rab8 15. b4 Qd8 16. Bxc5 Qh4+ 17. g3 Qf6 18. Qd2 Ne5 19. Bxf8 Qxf3+ 20. Kg1 Rxf8 21. Re1 Bd3 22. Qe3 Rc8 23. Qxa7 h5 24. Qb7 Re8 25. Nd1 h4 26. gxh4 Re6 27. h5 Qg4+ 28. Kf2 Qf4+ 29. Kg2 Rf6 30. Qb8+ Kh7 31. Re3 Bxe4+ 32. Kh3 Qg4# 0-1

[Event "48.C.to  di Cat.Mag. Semif. ITA"]
[Site "Milano ITA"]
[Date "1988.02.17"]
[Round "5.14"]
[White "Leoni, Leopoldo"]
[Black "Braunberger, Federico"]
[Result "1-0"]
[WhiteElo "2126"]
[BlackElo "2060"]
[Annotator "Gabriele Ballarin"]
[PlyCount "89"]
[EventDate "1988.02.13"]
[EventType "tourn"]
[EventRounds "9"]
[EventCountry "ITA"]

1. e4 e6 2. d4 d5 3. Nc3 Bb4 4. e5 c5 5. Bd2 Ne7 6. Nb5 Bxd2+ 7. Qxd2 O-O 8. c3 Nbc6 9. Nf3 f6 10. exf6 Rxf6 11. Bd3 a6 12. Na3 cxd4 13. cxd4 Qa5 14. Qxa5 Nxa5 15. O-O Nac6 16. Nc2 Bd7 17. Ne5 Be8 18. Rfe1 Nxe5 19. dxe5 Rf8 20. Nd4 Bd7 21. g3 Rac8 22. Rac1 g6 23. f4 Kf7 24. Kf2 Rxc1 25. Rxc1 Rc8 26. Rxc8 Nxc8 27. Ke3 Ne7 28. Nb3 Nc6 29. Nd4 Ne7 30. a3 b5 31. Kd2 Nc6 32. Nxc6 Bxc6 33. Kc3 Ke7 34. Kb4 Kd7 35. Ka5 Bb7 36. Kb6 Bc8 37. b4 Kd8 38. g4 Kd7 39. h4 Kd8 40. g5 Kd7 41. Kc5 Kc7 42. Bxg6 hxg6 43. h5 gxh5 44. g6 d4 45. g7 1-0

[Event "48.C.to  di Cat.Mag. Semif. ITA"]
[Site "Milano ITA"]
[Date "1988.02.17"]
[Round "5.15"]
[White "Zagallo, Bruno"]
[Black "Gongalov, Bojan"]
[Result "0-1"]
[WhiteElo "1900"]
[BlackElo "2008"]
[Annotator "Gabriele Ballarin"]
[PlyCount "46"]
[EventDate "1988.02.13"]
[EventType "tourn"]
[EventRounds "9"]
[EventCountry "ITA"]

1. e4 c5 2. Nf3 e6 3. d4 cxd4 4. Nxd4 a6 5. Nc3 Qc7 6. Be2 b5 7. O-O Bb7 8. Bf3 d6 9. a4 b4 10. Na2 Nf6 11. Re1 Nbd7 12. Nxb4 Ne5 13. c3 Be7 14. Nd3 Rd8 15. Nf4 Qc8 16. Qc2 g5 17. Nd5 exd5 18. exd5 Nxd5 19. Qb3 Nxf3+ 20. Nxf3 h6 21. c4 Nf4 22. Qe3 O-O 23. Qd4 Qg4 0-1

[Event "48.C.to  di Cat.Mag. Semif. ITA"]
[Site "Milano ITA"]
[Date "1988.02.17"]
[Round "5.16"]
[White "Lagrotteria, Salvatore"]
[Black "Ricci, Marco"]
[Result "1-0"]
[WhiteElo "2068"]
[BlackElo "2022"]
[Annotator "Gabriele Ballarin"]
[PlyCount "59"]
[EventDate "1988.02.13"]
[EventType "tourn"]
[EventRounds "9"]
[EventCountry "ITA"]

1. e4 e6 2. d3 d5 3. Nd2 Nf6 4. Ngf3 dxe4 5. dxe4 Bc5 6. Bd3 Nc6 7. e5 Nd5 8. Ne4 Be7 9. c3 Bd7 10. O-O Rg8 11. Qe2 g5 12. Ng3 g4 13. Nd4 h5 14. Nxh5 Nxe5 15. Qxe5 Bd6 16. Ng7+ Kf8 17. Ngxe6+ Bxe6 18. Nxe6+ fxe6 19. Bh6+ Ke7 20. Qh5 Nf6 21. Qh4 Bxh2+ 22. Qxh2 Qxd3 23. Qxc7+ Qd7 24. Qf4 Rg6 25. Rad1 Nd5 26. Qe5 Rag8 27. Bf4 Qb5 28. Rfe1 Qc6 29. Rxd5 g3 30. Bxg3 $138 1-0

[Event "48.C.to  di Cat.Mag. Semif. ITA"]
[Site "Milano ITA"]
[Date "1988.02.17"]
[Round "5.17"]
[White "Capurro, Giuliano"]
[Black "Quagliarella, Sabino Remo"]
[Result "1-0"]
[WhiteElo "1976"]
[BlackElo "1900"]
[Annotator "Gabriele Ballarin"]
[PlyCount "71"]
[EventDate "1988.02.13"]
[EventType "tourn"]
[EventRounds "9"]
[EventCountry "ITA"]

1. d4 Nf6 2. c4 e6 3. Nf3 d5 4. Nc3 c5 5. cxd5 exd5 6. Bg5 Be6 7. e4 dxe4 8. Nxe4 Nbd7 9. Nxf6+ Nxf6 10. Bb5+ Bd7 11. Qe2+ Be7 12. Bxd7+ Nxd7 13. O-O-O f6 14. d5 O-O 15. d6 Bxd6 16. Rxd6 Re8 17. Qc4+ Kh8 18. Rhd1 fxg5 19. Rxd7 Qf6 20. Qf7 Qh6 21. R1d6 Rf8 22. Rxh6 Rxf7 23. Rxh7+ Kxh7 24. Nxg5+ Kg6 25. Nxf7 Kf6 26. Rxb7 a5 27. h4 c4 28. Nd6 a4 29. Rc7 a3 30. Nxc4 axb2+ 31. Kxb2 Re8 32. Rc6+ Ke7 33. Ne5 Rd8 34. a4 Rd2+ 35. Rc2 Rd5 36. Nf3 1-0

[Event "48.C.to  di Cat.Mag. Semif. ITA"]
[Site "Milano ITA"]
[Date "1988.02.17"]
[Round "5.18"]
[White "Micalizzi, Giovanni"]
[Black "Biondi, Gualtiero"]
[Result "1/2-1/2"]
[WhiteElo "2068"]
[BlackElo "1973"]
[Annotator "Gabriele Ballarin"]
[PlyCount "28"]
[EventDate "1988.02.13"]
[EventType "tourn"]
[EventRounds "9"]
[EventCountry "ITA"]

1. e4 c5 2. Nf3 Nf6 3. Nc3 Nc6 4. d4 d5 5. exd5 Nxd5 6. Bc4 e6 7. O-O Nxc3 8. bxc3 Be7 9. Re1 O-O 10. Ne5 Bf6 11. Nxc6 bxc6 12. Ba3 Be7 13. Bxc5 Bxc5 14. dxc5 Qa5 1/2-1/2

[Event "48.C.to  di Cat.Mag. Semif. ITA"]
[Site "Milano ITA"]
[Date "1988.02.17"]
[Round "5.19"]
[White "Sottani, Paolo"]
[Black "Sani, Valentino"]
[Result "0-1"]
[WhiteElo "1900"]
[BlackElo "1900"]
[Annotator "Gabriele Ballarin"]
[PlyCount "56"]
[EventDate "1988.02.13"]
[EventType "tourn"]
[EventRounds "9"]
[EventCountry "ITA"]

1. e4 c5 2. Nf3 d6 3. d4 cxd4 4. Nxd4 Nf6 5. Nc3 g6 6. g3 Bg7 7. Bg2 Nc6 8. O-O O-O 9. h3 Nxd4 10. Qxd4 Be6 11. Qb4 Qc7 12. Re1 a5 13. Qa3 Rfc8 14. Be3 Nd7 15. f4 Bxc3 16. bxc3 Qxc3 17. Qxc3 Rxc3 18. f5 Bc4 19. Bd4 Rxc2 20. Rec1 Rxc1+ 21. Rxc1 Bxa2 22. Rc7 Ne5 23. Rxe7 b5 24. Bxe5 dxe5 25. f6 Be6 26. Bf1 b4 27. Bb5 h5 28. Bc6 Rd8 0-1

[Event "48.C.to  di Cat.Mag. Semif. ITA"]
[Site "Milano ITA"]
[Date "1988.02.18"]
[Round "6.1"]
[White "Sarno, Spartaco"]
[Black "Ratti, Ruggero"]
[Result "1/2-1/2"]
[WhiteElo "2245"]
[BlackElo "2291"]
[Annotator "Gabriele Ballarin"]
[PlyCount "99"]
[EventDate "1988.02.13"]
[EventType "tourn"]
[EventRounds "9"]
[EventCountry "ITA"]

1. d4 d5 2. c4 c6 3. Nf3 Nf6 4. Nc3 dxc4 5. a4 Bf5 6. e3 e6 7. Bxc4 Bb4 8. O-O O-O 9. Nh4 Bg4 10. f3 Nd5 11. fxg4 Qxh4 12. Qf3 Nd7 13. e4 N5b6 14. Bb3 c5 15. Na2 Ba5 16. dxc5 Ne5 17. Qh3 Qxh3 18. gxh3 Nbd7 19. Be3 Rfc8 20. Bc2 Nxc5 21. b4 Ncd7 22. bxa5 Rxc2 23. Rf2 Rc4 24. Rb1 Rxe4 25. Bd2 Rxa4 26. Nc3 Rxa5 27. Rxb7 Rc5 28. Nb5 Rc2 29. Nxa7 Rb8 30. Rxb8+ Nxb8 31. Kf1 Nbc6 32. Nxc6 Nxc6 33. h4 Ne5 34. h3 Nc4 35. Bb4 Rxf2+ 36. Kxf2 f5 37. Bc3 Kf7 38. Kf3 Nd6 39. h5 Ne4 40. Be5 Ng5+ 41. Kg3 g6 42. hxg6+ Kxg6 43. h4 Ne4+ 44. Kf4 Nf6 45. h5+ Nxh5+ 46. gxh5+ Kxh5 47. Bf6 Kg6 48. Bh4 e5+ 49. Kxe5 Kh5 50. Kxf5 1/2-1/2